000 00367nam a2200145Ia 4500
008 150201s1995 xx 000 0 und d
082 _a612
_bT95J
100 _aYADAV,JOYTI
245 _aTEXT BOOK OF PHYSIOLOGY FOR DENYAL STUDENTS
250 _a1ST
260 _bJAYPEE MEDICAL PUBLISHER
_aDELHI
_c1995
300 _a1-291
650 _aPHYSIOLOGY
942 _2ddc
_cBK
999 _c2492
_d2492